[Event "Werther Schloss op 27th"]
[Site "Werther"]
[Date "2024.03.22"]
[Round "2"]
[White "Schmitzer, Klaus"]
[Black "Winkler, Yonathan"]
[Result "1/2-1/2"]
[WhiteElo "2183"]
[BlackElo "2022"]
[PlyCount "142"]
[EventDate "2024.03.21"]
[EventType "swiss"]
[EventRounds "7"]
[EventCountry "GER"]
[SourceTitle "CB13_2024"]
[SourceDate "2024.03.27"]
[SourceVersion "1"]
[SourceVersionDate "2024.03.27"]
[SourceQuality "1"]

1. d4 d5 2. Bg5 h6 3. Bh4 c5 4. dxc5 Nf6 5. Nd2 Nc6 6. c3 a5 7. e4 e6 8. exd5 exd5 9. Ngf3 Bxc5 10. Nb3 Bb6 11. Bb5 0-0 12. 0-0 Bg4 13. h3 Bh5 14. Bxf6 Qxf6 15. Qxd5 Bxf3 16. Qxf3 Qxf3 17. gxf3 Ne5 18. Kg2 Ng6 19. Rad1 Rad8 20. Nd4 Rd5 21. Bc4 Rg5+ 22. Kh1 Nf4 23. Ne2 Nxh3 24. f4 Rg6 25. f5 Rg4 26. Nd4 Nf4 27. Rfe1 Rd8 28. Rd2 Nh3 29. f3 Rh4 30. Kg2 Ng5 31. Red1 Bc7 32. Rh1 Rxh1 33. Kxh1 Bf4 34. Re2 Kf8 35. Bb5 h5 36. f6 gxf6 37. Nf5 Ne6 38. Ba4 Rd5 39. Bc2 Ng7 40. Nd4 Be5 41. Bb3 Rd8 42. Rd2 Ke7 43. Re2 Kf8 44. Rd2 Rd6 45. Rd1 Bxd4 46. cxd4 Ne6 47. d5 Nc5 48. Bc4 Na4 49. b3 Nc3 50. Rc1 Nxa2 51. Ra1 Nc3 52. Rxa5 Kg7 53. Rc5 b5 54. Bxb5 Rxd5 55. Rxd5 Nxd5 56. Kh2 Kg6 57. Bc4 Nb4 58. Kg3 Nc6 59. Bd3+ Kg5 60. f4+ Kh6 61. Be4 Nb4 62. Kh4 Na6 63. f5 Nb4 64. Bf3 Nc2 65. Bxh5 Nd4 66. Bxf7 Nxf5+ 67. Kg4 Nd6 68. Bd5 Kg6 69. Kf4 Kg7 70. b4 Kf8 71. Ke3 Ke7 1/2-1/2

[Event "Muenster op-A 39th"]
[Site "Muenster"]
[Date "2022.10.05"]
[Round "6"]
[White "Schmitzer, Klaus"]
[Black "Dordevic, Tom"]
[Result "0-1"]
[WhiteElo "2250"]
[BlackElo "1767"]
[PlyCount "108"]
[EventDate "2022.10.01"]
[EventType "swiss"]
[EventRounds "9"]
[EventCountry "GER"]
[SourceTitle "EXT 2023"]
[Source "ChessBase"]
[SourceDate "2022.10.05"]
[SourceVersion "1"]
[SourceVersionDate "2022.10.05"]
[SourceQuality "1"]

1. e4 c5 2. Nf3 d6 3. d4 cxd4 4. Nxd4 Nf6 5. Nc3 a6 6. f3 e5 7. Nb3 Be6 8. Be3 h5 9. Qd2 Nbd7 10. 0-0-0 Rc8 11. Kb1 Be7 12. g3 Qc7 13. h3 g6 14. Qf2 Kf8 15. Nd5 Bxd5 16. exd5 Kg7 17. Bg2 b5 18. g4 a5 19. g5 Nh7 20. f4 a4 21. Nc1 exf4 22. Bd4+ Ne5 23. h4 Nf8 24. Nd3 Nfd7 25. Bh3 Rhe8 26. Bxd7 Qxd7 27. Nxe5 dxe5 28. Bxe5+ Kg8 29. Qxf4 Bf8 30. Qf6 Rxe5 31. Qxe5 a3 32. b3 Bg7 33. Qf4 Qa7 34. Rd3 Qc5 35. Qd2 b4 36. Qe2 Qd6 37. Re1 Kh7 38. Qf2 Rc7 39. Qg3 Re7 40. Rxe7 Qxe7 41. d6 Qe2 42. Qf3 Qe5 43. c3 bxc3 44. Qe3 c2+ 45. Kxc2 Qb2+ 46. Kd1 Qxa2 47. d7 Qb1+ 48. Ke2 a2 49. d8Q a1Q 50. Rd1 Qc2+ 51. Rd2 Qad1+ 52. Kf2 Qf5+ 53. Kg2 Qdf1+ 54. Kh2 Be5+ 0-1

[Event "Bremen Silvester op"]
[Site "Bremen"]
[Date "2021.12.30"]
[Round "7"]
[White "Schmitzer, Klaus"]
[Black "Dahl, Christoph"]
[Result "1/2-1/2"]
[WhiteElo "2205"]
[BlackElo "2369"]
[PlyCount "40"]
[EventDate "2021.12.21"]
[EventType "swiss"]
[EventRounds "7"]
[EventCountry "GER"]
[SourceTitle "CBM 205 Extra"]
[Source "ChessBase"]
[SourceDate "2022.01.31"]
[SourceVersion "1"]
[SourceVersionDate "2022.01.31"]
[SourceQuality "1"]

1. e4 c5 2. Nf3 d6 3. d4 cxd4 4. Nxd4 Nf6 5. Nc3 a6 6. f3 e6 7. Be3 b5 8. Qd2 Bb7 9. 0-0-0 Nbd7 10. g4 Nb6 11. Bd3 Rc8 12. g5 Nfd7 13. Kb1 Ne5 14. Qe1 Nec4 15. Bc1 Qc7 16. h4 g6 17. h5 Bg7 18. Nce2 Rg8 19. hxg6 hxg6 20. Rh7 Ne5 1/2-1/2

[Event "Erfurt op-A 29th"]
[Site "Erfurt"]
[Date "2019.12.29"]
[Round "6"]
[White "Abel, Dennes"]
[Black "Schmitzer, Klaus"]
[Result "1-0"]
[WhiteElo "2463"]
[BlackElo "2217"]
[PlyCount "101"]
[EventDate "2019.12.26"]
[EventType "swiss"]
[EventRounds "8"]
[EventCountry "GER"]
[SourceTitle "CBM 194 Extra"]
[Source "ChessBase"]
[SourceDate "2020.03.31"]
[SourceVersion "1"]
[SourceVersionDate "2020.03.31"]
[SourceQuality "1"]

1. d4 e6 2. c4 b6 3. e4 Bb7 4. Bd3 Nc6 5. Ne2 Nb4 6. Nbc3 Nxd3+ 7. Qxd3 g6 8. h4 h5 9. Bg5 Be7 10. Qe3 d6 11. 0-0-0 Qd7 12. Kb1 0-0-0 13. Nf4 Kb8 14. f3 Ba6 15. b3 Bb7 16. Kb2 Rh7 17. Nd3 f6 18. Bf4 Bf8 19. Rhe1 Ne7 20. Qf2 Bg7 21. Kc2 Bh8 22. Bh2 g5 23. Re2 Qe8 24. f4 Qg6 25. d5 exd5 26. f5 Qg8 27. cxd5 c6 28. dxc6 Nxc6 29. Red2 Ka8 30. Kb2 Qe8 31. Ne1 Rhd7 32. Nf3 g4 33. Nd4 Nxd4 34. Rxd4 Bg7 35. Bxd6 Bc6 36. a4 Kb7 37. g3 Bf8 38. Bxf8 Qxf8 39. Rxd7+ Rxd7 40. Rxd7+ Bxd7 41. Qd4 Bc6 42. e5 fxe5 43. Qxe5 Qd8 44. Kc2 Qd7 45. f6 Qh7+ 46. Kb2 Kc8 47. Nd5 Bxd5 48. Qxd5 Qg6 49. Qc6+ Kd8 50. Qd6+ Kc8 51. Qf8+ 1-0

[Event "Karlsruhe Grenke op"]
[Site "Karlsruhe"]
[Date "2019.04.22"]
[Round "9"]
[White "Schmidek, Emil"]
[Black "Schmitzer, Klaus"]
[Result "1-0"]
[WhiteElo "2393"]
[BlackElo "2245"]
[PlyCount "111"]
[EventDate "2019.04.18"]
[EventType "swiss"]
[EventRounds "9"]
[EventCountry "GER"]
[SourceTitle "CBM 189 Extra"]
[Source "ChessBase"]
[SourceDate "2019.06.03"]
[SourceVersion "1"]
[SourceVersionDate "2019.06.03"]
[SourceQuality "1"]

1. e4 c6 2. d4 d5 3. e5 Bf5 4. Nf3 e6 5. Be2 Nd7 6. 0-0 Bg6 7. Nbd2 Nh6 8. Nb3 Be7 9. Bd2 0-0 10. Bxh6 gxh6 11. Ne1 c5 12. c3 Kh8 13. Nc2 c4 14. Nd2 f6 15. exf6 Nxf6 16. Ne3 h5 17. Nf3 Nd7 18. Qc1 Bd6 19. g3 Rg8 20. Ng2 Bf7 21. Qe3 Qf6 22. Rae1 Rg7 23. Bd1 Qf5 24. Nf4 Qf6 25. Ba4 Nb6 26. Bc2 Nd7 27. a3 b5 28. Nh4 Re8 29. Nh3 a5 30. Ng5 Bc7 31. f4 Kg8 32. Nhf3 h6 33. Nxf7 Qxf7 34. Ne5 Qe7 35. Bg6 Rxg6 36. Nxg6 Qh7 37. f5 e5 38. Qf3 e4 39. Qxh5 Nf6 40. Qh4 Bd8 41. Ne5 Qg7 42. Rf4 Kh7 43. Ng4 b4 44. axb4 axb4 45. Nxf6+ Bxf6 46. Qh5 Rg8 47. Ref1 Kh8 48. Ra1 bxc3 49. bxc3 Rb8 50. Ra6 e3 51. Re6 Bg5 52. Re8+ Rxe8 53. Qxe8+ Kh7 54. f6 Bxf6 55. Qe6 e2 56. Kf2 1-0

[Event "Heusenstamm Sparkassen op-A 4th"]
[Site "Heusenstamm"]
[Date "2017.11.25"]
[Round "4"]
[White "Schmitzer, Klaus"]
[Black "Sivuk, Vitaly"]
[Result "0-1"]
[WhiteElo "2242"]
[BlackElo "2551"]
[PlyCount "64"]
[EventDate "2017.11.23"]
[EventType "swiss"]
[EventRounds "7"]
[EventCountry "GER"]
[SourceTitle "EXT 2019"]
[Source "ChessBase"]
[SourceDate "2018.10.10"]
[SourceVersion "1"]
[SourceVersionDate "2018.10.10"]
[SourceQuality "1"]

1. e4 c6 2. d4 d5 3. e5 Bf5 4. Be2 e6 5. Nf3 Ne7 6. 0-0 h6 7. b3 Nd7 8. c4 Ng6 9. Be3 f6 10. exf6 Qxf6 11. Qd2 Bd6 12. Nc3 0-0 13. Bd1 Rae8 14. a3 a6 15. Ne2 e5 16. cxd5 e4 17. Ne1 cxd5 18. Ng3 Qh4 19. Qa5 Be6 20. Nc2 Rc8 21. Rc1 Ne7 22. Be2 Nf6 23. Rfe1 Bg4 24. Bf1 Bh5 25. Qd2 Nf5 26. Be2 Bxe2 27. Qxe2 Ng4 28. h3 Ngxe3 29. Nxe3 Nxg3 30. fxg3 Qxg3 31. Ng4 Rxc1 32. Rxc1 Bf4 0-1

[Event "Erfurt MT op 26th"]
[Site "Erfurt"]
[Date "2016.12.28"]
[Round "5"]
[White "Schmitzer, Klaus"]
[Black "Stein, Robert"]
[Result "1-0"]
[WhiteElo "2296"]
[BlackElo "2197"]
[PlyCount "93"]
[EventDate "2016.12.26"]
[EventType "swiss"]
[EventRounds "8"]
[EventCountry "GER"]
[SourceTitle "CBM 176 Extra"]
[Source "ChessBase"]
[SourceDate "2017.03.02"]
[SourceVersion "1"]
[SourceVersionDate "2017.03.02"]
[SourceQuality "1"]

1. e4 c5 2. Nf3 d6 3. d4 cxd4 4. Nxd4 Nf6 5. Nc3 a6 6. f3 e5 7. Nb3 Be6 8. Be3 Be7 9. Qd2 0-0 10. 0-0-0 a5 11. a4 Nc6 12. g4 Rc8 13. Kb1 Nb4 14. g5 Nh5 15. Qf2 Qe8 16. Bb5 Bd7 17. Rd2 Rxc3 18. bxc3 Bxb5 19. axb5 a4 20. cxb4 axb3 21. c4 Qa8 22. Rd3 Qa4 23. Qb2 Qxb4 24. Qxb3 Qa5 25. Qa3 Qc7 26. Qa4 Nf4 27. b6 Qc8 28. Bxf4 exf4 29. Qb5 Qh3 30. Rhd1 h6 31. c5 hxg5 32. cxd6 Bd8 33. R1d2 Qf1+ 34. Kc2 Qa1 35. d7 Qa2+ 36. Qb2 Qc4+ 37. Rc3 Qa4+ 38. Qb3 Qa5 39. Rc8 g4 40. fxg4 f3 41. Rd5 Qa6 42. Qxf3 Qxb6 43. Qa3 Qf6 44. g5 Qf2+ 45. Rd2 Qb6 46. h4 g6 47. Qc5 1-0

[Event "Erfurt MT op 26th"]
[Site "Erfurt"]
[Date "2016.12.27"]
[Round "3"]
[White "Schmitzer, Klaus"]
[Black "Lampert, Jonas"]
[Result "0-1"]
[WhiteElo "2296"]
[BlackElo "2500"]
[PlyCount "60"]
[EventDate "2016.12.26"]
[EventType "swiss"]
[EventRounds "8"]
[EventCountry "GER"]
[SourceTitle "CBM 176 Extra"]
[Source "ChessBase"]
[SourceDate "2017.03.02"]
[SourceVersion "1"]
[SourceVersionDate "2017.03.02"]
[SourceQuality "1"]

1. e4 e5 2. Nf3 Nc6 3. d4 exd4 4. Nxd4 Bc5 5. Be3 Qf6 6. c3 Nge7 7. Nc2 b6 8. g3 0-0 9. Bg2 Ba6 10. f4 Rad8 11. Bxc5 bxc5 12. Ne3 d5 13. Qa4 Bd3 14. exd5 Nf5 15. Kd2 Nxe3 16. Kxe3 Qf5 17. Bf3 Ne7 18. c4 Bc2 19. Qa3 Bxb1 20. Raxb1 Qc2 21. Be4 Nf5+ 22. Bxf5 Rfe8+ 23. Be6 fxe6 24. Kf3 exd5 25. Rhe1 d4 26. Qxc5 d3 27. Qc6 Re2 28. Qxc7 Rde8 29. Kg4 d2 30. Rxe2 d1Q 0-1

[Event "Heusenstamm Sparkassen op-A 3rd"]
[Site "Heusenstamm"]
[Date "2016.11.27"]
[Round "6"]
[White "Schmitzer, Klaus"]
[Black "Maehrlein, Christoph"]
[Result "1-0"]
[WhiteElo "2285"]
[BlackElo "2074"]
[PlyCount "81"]
[EventDate "2016.11.24"]
[EventType "swiss"]
[EventRounds "7"]
[EventCountry "GER"]
[SourceTitle "EXT 2018"]
[Source "ChessBase"]
[SourceDate "2017.10.13"]
[SourceVersion "1"]
[SourceVersionDate "2017.10.13"]
[SourceQuality "1"]

1. e4 d5 2. exd5 Qxd5 3. Nc3 Qa5 4. Bc4 Nf6 5. h3 Nc6 6. Nf3 Bf5 7. d3 Ne5 8. Bb5+ Ned7 9. 0-0 c6 10. Bc4 e6 11. Qe2 Be7 12. Bd2 Qc7 13. Nd4 Bg6 14. Bxe6 0-0 15. Bb3 Rfe8 16. Qf3 Ne5 17. Qd1 Bh5 18. Nde2 Bc5 19. Bf4 Bd6 20. Qd2 Qd7 21. Bxe5 Bxe5 22. Nf4 Qf5 23. Nxh5 Qxh5 24. Rae1 Rad8 25. f4 Bd4+ 26. Kh1 Qh4 27. Ne4 Ng4 28. Rf3 Kf8 29. c3 Bb6 30. Re2 h6 31. d4 f5 32. Ng3 Rxe2 33. Qxe2 Re8 34. Qc4 Re1+ 35. Nf1 Qf6 36. hxg4 fxg4 37. Re3 Rxf1+ 38. Qxf1 Qh4+ 39. Kg1 g3 40. Qf3 Qh2+ 41. Kf1 1-0

[Event "Heusenstamm Sparkassen op-A 3rd"]
[Site "Heusenstamm"]
[Date "2016.11.27"]
[Round "7"]
[White "Weichhold, Pawel"]
[Black "Schmitzer, Klaus"]
[Result "1-0"]
[WhiteElo "2407"]
[BlackElo "2285"]
[PlyCount "77"]
[EventDate "2016.11.24"]
[EventType "swiss"]
[EventRounds "7"]
[EventCountry "GER"]
[SourceTitle "CBM 175 Extra"]
[Source "ChessBase"]
[SourceDate "2016.12.12"]
[SourceVersion "1"]
[SourceVersionDate "2016.12.12"]
[SourceQuality "1"]

1. e4 c6 2. Nc3 d5 3. Nf3 dxe4 4. Nxe4 Nf6 5. Nxf6+ gxf6 6. d4 Bg4 7. Be2 Nd7 8. Be3 Nb6 9. h3 Bh5 10. g4 Bg6 11. c4 e6 12. Nh4 Bb4+ 13. Kf1 Be7 14. Kg2 Qc7 15. a4 f5 16. Nxg6 hxg6 17. a5 Nd7 18. a6 b6 19. Bf3 e5 20. dxe5 0-0-0 21. Qc2 Nxe5 22. gxf5 Nxf3 23. Kxf3 g5 24. f6 Bc5 25. Qf5+ Kb8 26. Bxg5 Rd4 27. Rad1 Qd8 28. Qe5+ Kc8 29. Rxd4 Bxd4 30. Qf5+ Qd7 31. Qxd7+ Kxd7 32. b4 Ke6 33. Kg4 Bxf2 34. Rh2 Bd4 35. Re2+ Kd6 36. Re7 Rg8 37. Kf5 Rxg5+ 38. Kxg5 c5 39. bxc5+ 1-0

[Event "Heusenstamm Sparkassen op-A 3rd"]
[Site "Heusenstamm"]
[Date "2016.11.25"]
[Round "3"]
[White "Schroeder, Jan Christian"]
[Black "Schmitzer, Klaus"]
[Result "1/2-1/2"]
[WhiteElo "2521"]
[BlackElo "2285"]
[PlyCount "41"]
[EventDate "2016.11.24"]
[EventType "swiss"]
[EventRounds "7"]
[EventCountry "GER"]
[SourceTitle "CBM 175 Extra"]
[Source "ChessBase"]
[SourceDate "2016.12.12"]
[SourceVersion "1"]
[SourceVersionDate "2016.12.12"]
[SourceQuality "1"]

1. e4 c6 2. d4 d5 3. e5 Bf5 4. Nf3 e6 5. Be2 Nd7 6. 0-0 Bg6 7. a4 a5 8. Nbd2 Nh6 9. c4 Bb4 10. cxd5 cxd5 11. Nb3 Rc8 12. Ne1 0-0 13. Nd3 f6 14. exf6 Qxf6 15. Nxb4 axb4 16. Qe1 Rc2 17. Bb5 Rf7 18. Bxh6 gxh6 19. Rc1 Rxb2 20. Rc8+ Kg7 21. Qe3 1/2-1/2

[Event "Rhein Main op-A 19th"]
[Site "Bad Homburg"]
[Date "2016.05.28"]
[Round "6"]
[White "Schmitzer, Klaus"]
[Black "Khenkin, Igor"]
[Result "1/2-1/2"]
[WhiteElo "2268"]
[BlackElo "2575"]
[PlyCount "61"]
[EventDate "2016.05.25"]
[EventType "swiss"]
[EventRounds "7"]
[EventCountry "GER"]
[SourceTitle "EXT 2017"]
[Source "ChessBase"]
[SourceDate "2016.10.25"]
[SourceVersion "1"]
[SourceVersionDate "2016.10.25"]
[SourceQuality "1"]

1. e4 c6 2. d4 d5 3. e5 c5 4. dxc5 e6 5. a3 Bxc5 6. b4 Bb6 7. Nf3 Nc6 8. Bb2 f6 9. Bb5 Nge7 10. exf6 gxf6 11. Bxf6 0-0 12. Bh4 e5 13. 0-0 e4 14. Bxc6 bxc6 15. Nd4 Qe8 16. c3 Nf5 17. Nxf5 Rxf5 18. Nd2 e3 19. fxe3 Qxe3+ 20. Kh1 Rxf1+ 21. Qxf1 Qxd2 22. Qf6 Bh3 23. gxh3 Qe3 24. Re1 Rf8 25. Rxe3 Rxf6 26. Bxf6 Bxe3 27. Kg2 a6 28. Kf3 Bc1 29. a4 Kf7 30. Bd4 Bd2 31. Kg4 1/2-1/2